Catálogo
 En Linea
Vista normal Vista MARC

Entrada Nombre de reunión

Número de registros utilizados en: 1

001 - NÚMERO DE CONTROL

  • campo de control: 58102

003 - IDENTIFICADOR DEL NÚMERO DE CONTROL

  • campo de control: OSt

005 - FECHA Y HORA DE LA ÚLTIMA TRANSACCIÓN

  • campo de control: 20200615034942.0

008 - DATOS DE LONGITUD FIJA

  • campo de control de longitud fija: 200615|| aca||aabn | a|a d

040 ## - FUENTE DE LA CATALOGACIÓN

  • Centro catalogador/agencia de origen: OSt
  • Centro/agencia transcriptor: OSt

111 ## - ENCABEZAMIENTO--NOMBRE DE CONGRESO/REUNIÓN

  • Nombre de congreso/reunión o jurisdicción como elemento de entrada: forum nacional de antibióticos.
  • Fecha del congreso/reunión: 1972
  • Sede del congreso/Lugar de la reunión: Santo Domingo
  • Número del congreso/reunión o número de parte o sección: 1: 31 de agosto al 2 septiembre

670 ## - FUENTE DE DATOS ENCONTRADOS

  • Cita de la fuente: Work cat.: (OSt)31410: forum nacional de antibióticos. 1972 Santo Domingo 1: 31 de agosto al 2 septiembre, Resumenes., 1972.

Con tecnología Koha